00000000nam 2200000zi 4500
0019.946163
003CaOODSP
00520250403102726
006m     o  d f      
007cr cn|||||||||
008241213t20252025onca    osb  f000 0 fre d
020 |a9780660749013
040 |aCaOODSP|bfre|erda|cCaOODSP
043 |an-cn---
0861 |aCS11-627/2025-10F-PDF
24504|aLes incapacités liées à la santé mentale, 2022.
264 1|a[Ottawa] : |bStatistique Canada = Statistics Canada, |c[2025]
264 4|c©2025
300 |a1 ressource en ligne (1 page non numérotée) : |billustrations
336 |atexte|btxt|2rdacontent/fre
337 |ainformatique|bc|2rdamedia/fre
338 |aressource en ligne|bcr|2rdacarrier/fre
500 |aTitre de départ.
500 |aPublié aussi en anglais sous le titre : Mental health-related disabilities, 2022.
504 |aComprend des références bibliographiques.
520 |a« En 2022, 10,4 % des Canadiennes et Canadiens de 15 ans et plus (soit près de 3,1 millions de personnes) avaient une incapacité liée à la santé mentale » -- Page [1].
650 6|aSanté mentale|zCanada|vStatistiques.
650 6|aMaladies mentales|zCanada|vStatistiques.
650 6|aPersonnes handicapées|zCanada|vStatistiques.
655 7|aStatistiques|2rvmgf
655 7|aInfographies|2rvmgf
7102 |aStatistique Canada, |eorganisme de publication.
77508|tMental health-related disabilities, 2022.|w(CaOODSP)9.946164
85640|qPDF|s246 Ko|uhttps://publications.gc.ca/collections/collection_2025/statcan/11-627-m/11-627-m2025010-fra.pdf
8564 |qHTML|sS.O.|uhttps://www150.statcan.gc.ca/n1/pub/11-627-m/11-627-m2025010-fra.htm
986 |a11-627-M